01169cam a22003135a 4500001001000000003000400010005001700014008004100031020002500072020002200097040004000119082002100159245007100180250004300251260003200294300005100326490002700377500007500404500002400479504004100503650004800544651001000592653002300602655002400625700002600649942002100675999001700696952014200713016485535OSt20150809160037.0131230t2014 enka frb 001 0 eng d a9781292024349 (pbk.) a1292024348 (pbk.) aStDuBDSbengcStDuBDSdUkdEG-ScBUE04a005.453bCOM22200aCompilers :bprinciples, techniques, and tools /cAho ... [et al.] a2nd ed., Pearson new international ed. aHarlow :bPearson,cc.2014. aii, 942 p. :bill. (black and white) ;c28 cm.0 aPearson custom library aPrevious edition: Boston, Massachusetts: Pearson/Addison Wesley, 2007. aIndex : p. 220-223. aIncludes bibliographical references. 7aCompilers (Computer programs)2BUEsh913036 2BUEsh bCOMSCIcAugust2015 vreading book9342321 aAho, Alfred V.917981 2ddck005.453 COM c20393d20365 00102ddc40708BaccahaMAINbMAINcLOWd2015-08-02epurchaseg400.00h21759l0o005.453 COMp000039688r2025-07-15 00:00:00v500.00yBB